Số phận con người

Guardado en:
Detalles Bibliográficos
Autor principal: Solokhov, Mikhail
Otros Autores: Nguyễn Duy Bình (dịch)
Formato: Libro
Lenguaje:Vietnamese
Publicado: H. Thế giới ; Trung tâm Văn hoá Ngôn ngữ Đông Tây 2004
Colección:Tủ sách Song ngữ
Materias:
Nga
Etiquetas: Agregar Etiqueta
Sin Etiquetas, Sea el primero en etiquetar este registro!
Thư viện lưu trữ: Mạng thư viện Đại học Đà Nẵng
LEADER 01345aam a22003978a 4500
001 000004976
003 1118
005 20120412090413.0
008 110805s2004 viesd
020 |c 14000đ  |d 700b 
041 |a vie 
082 1 4 |2 14  |a 891.7  |b SO-M 
084 |a V6(4Ng)7-44 
084 |b S450P 
100 1 |a Solokhov, Mikhail 
245 1 0 |a Số phận con người  |c Mikhail Solokhov ; Nguyễn Duy Bình dịch 
260 |a H.  |b Thế giới ; Trung tâm Văn hoá Ngôn ngữ Đông Tây  |c 2004 
300 |a 123tr.  |c 19cm 
490 |a Tủ sách Song ngữ 
650 7 |2 Bộ TK TVQG  |a Văn học hiện đại 
650 7 |2 Bộ TK TVQG  |a Tiếng Việt 
650 7 |2 Bộ TK TVQG  |a Tiếng Nga 
651 7 |2 Bộ TK TVQG  |a Nga 
655 7 |2 Bộ TK TVQG  |a Truyện ngắn 
655 7 |2 Bộ TK TVQG  |a Sách song ngữ 
700 0 |a Nguyễn Duy Bình  |e dịch 
OWN |a LSP 
AVA |a UDN50  |b LSP  |d 891.7 SO-M  |e available  |t Error 5001 Not defined in file expand_doc_bib_avail.  |f 10  |g 0  |h N  |i 0  |k 1 
999 |a From the UDN01 
AVA |a UDN50  |b LSP  |d 891.7 SO-M  |e available  |t Error 5001 Not defined in file expand_doc_bib_avail.  |f 10  |g 0  |h N  |i 0  |k 1 
TYP |a Monograph 
TYP |a Printed language 
980 |a Mạng thư viện Đại học Đà Nẵng